00314nam a2200121 45000820010000001000020000102450067000302600036000973000010001337000020001439420012001639990017001750 a223.21 aSeeley, Helen M10aA book of PsalmsbGod's love makes us happy :cHelen M. Seeley aUKbWycliffe Associatescc.2001 a16 p.1 aSeeley, Helen M 2ddccBK c64005d63979